[Event "Hastings Masters 2016/17"]
[Site "Hastings, England"]
[Date "2017.01.05"]
[Round "9.28"]
[White "Hand, Freddie"]
[Black "Vangsgaard, Freja"]
[Result "1/2-1/2"]
[WhiteElo "2205"]
[BlackElo "1975"]
[PlyCount "0"]
[EventDate "2016.12.28"]

1. d4 {[%clk 1:40:50]} Nf6 {[%clk 1:38:11]} 2. c4 {[%clk 1:41:13]} e6
{[%clk 1:38:27]} 3. Nc3 {[%clk 1:41:39]} Bb4 {[%clk 1:38:42]} 4. e3
{[%clk 1:42:05]} c5 {[%clk 1:38:50]} 5. Nge2 {[%clk 1:42:31]} d5 {[%clk 1:38:39]}
6. a3 {[%clk 1:42:54]} Bxc3+ {[%clk 1:38:36]} 7. Nxc3 {[%clk 1:43:19]} cxd4
{[%clk 1:38:44]} 8. exd4 {[%clk 1:43:42]} dxc4 {[%clk 1:38:49]} 9. Bxc4
{[%clk 1:44:08]} Nc6 {[%clk 1:38:42]} 10. Be3 {[%clk 1:44:03]} O-O
{[%clk 1:38:35]} 11. O-O {[%clk 1:44:13]} b6 {[%clk 1:38:30]} 12. Qf3
{[%clk 1:40:07]} Bb7 {[%clk 1:37:40]} 13. Bd3 {[%clk 1:39:49]} Qd7
{[%clk 1:36:20]} 14. Qh3 {[%clk 1:39:52]} Ne7 {[%clk 1:35:48]} 15. Bg5
{[%clk 1:39:40]} Ng6 {[%clk 1:35:29]} 16. Bxf6 {[%clk 1:40:02]} gxf6
{[%clk 1:35:35]} 17. Rad1 {[%clk 1:40:13]} Rad8 {[%clk 1:34:02]} 18. Be4
{[%clk 1:40:26]} Bxe4 {[%clk 1:33:20]} 19. Nxe4 {[%clk 1:40:51]} Kg7
{[%clk 1:31:19]} 20. Qf3 {[%clk 1:40:30]} Qe7 {[%clk 1:30:16]} 21. Nc3
{[%clk 1:31:30]} Rd7 {[%clk 1:27:29]} 22. d5 {[%clk 1:27:51]} Rfd8
{[%clk 1:19:46]} 23. dxe6 {[%clk 0:52:34]} Rxd1 {[%clk 1:18:53]} 24. Rxd1
{[%clk 0:52:54]} Rxd1+ {[%clk 1:18:44]} 25. Qxd1 {[%clk 0:53:13]} fxe6
{[%clk 1:18:46]} 26. h3 {[%clk 0:47:06]} Qc5 {[%clk 1:08:15]} 27. Qd7+
{[%clk 0:46:55]} Qe7 {[%clk 1:08:25]} 28. Qa4 {[%clk 0:46:29]} Qc7
{[%clk 1:02:52]} 29. Qa6 {[%clk 0:17:01]} Ne7 {[%clk 1:00:30]} 30. Qb5
{[%clk 0:12:31]} Qc6 {[%clk 0:52:07]} 31. Qe2 {[%clk 0:07:11]} Kf7
{[%clk 0:47:43]} 32. Qh5+ {[%clk 0:04:54]} Kg7 {[%clk 0:47:47]} 33. Qe2
{[%clk 0:04:06]} Kf7 {[%clk 0:47:53]} 34. Qa6 {[%clk 0:02:59]} Qc7
{[%clk 0:46:51]} 35. Qd3 {[%clk 0:03:19]} Kg7 {[%clk 0:45:10]} 36. Qe4
{[%clk 0:03:41]} Qc6 {[%clk 0:44:15]} 37. Qg4+ {[%clk 0:02:59]} Kf7
{[%clk 0:43:36]} 38. Qh5+ {[%clk 0:01:13]} Kg7 {[%clk 0:43:52]} 39. Qg4+
{[%clk 0:01:04]} Kf7 {[%clk 0:43:57]} 40. Qh4 {[%clk 0:01:05]} Kg7
{[%clk 0:44:00]} 41. Qg3+ {[%clk 0:01:13]} Kf7 {[%clk 0:43:36]} 42. Qb8
{[%clk 0:01:30]} Nc8 {[%clk 0:39:20]} 43. Qf4 {[%clk 0:01:14]} Kg7
{[%clk 0:37:54]} 44. Ne4 {[%clk 0:01:26]} e5 {[%clk 0:35:06]} 45. Qg4+
{[%clk 0:01:33]} Kf7 {[%clk 0:34:32]} 46. Qh5+ {[%clk 0:16:42]} Kg7
{[%clk 1:23:34]} 47. Qg4+ {[%clk 0:15:17]} Kf7 {[%clk 1:23:31]} 48. Qh5+
{[%clk 0:10:21]} Kg7 {[%clk 1:23:46]} 49. Qg4+ {[%clk 0:09:54]} Kf7 1/2-1/2